00396nam a2200169Ia 4500008004000000041000800040082001200048100002100060245002900081260005300110650001100163650000700174650001200181650001100193650001200204650001000216210210b1927 xxu||||| |||| 00| 0 eng d aeng a954/242 aMOHAMMAD (Habib) aSultan Mahmud of Ghaznin aBombaybD B Taraporevala Sons & Co Pvt Ltdc1927 aSultan aof amemoirs aMahmud aGhaznin aCoorg